| 000 | 00515nam a22001817a 4500 | ||
|---|---|---|---|
| 003 | 0 | ||
| 005 | 20230619104359.0 | ||
| 008 | 230619b xxu||||| |||| 00| 0 eng d | ||
| 020 | _a971-630-149-9 | ||
| 082 |
_aFil. 398.242 _b.We394 2005 |
||
| 245 |
_aThe tale of lady cabbage _cWee, Serene |
||
| 260 |
_aManila _bTahanan Books for Young Readers _cc2005 |
||
| 300 |
_a15pp. _bcol. ill. _c20cm. |
||
| 500 | _aPlants-Folklore. | ||
| 500 | _aTales. | ||
| 500 | _aChildren's stories, English. | ||
| 942 |
_2ddc _cBK |
||
| 999 |
_c365013 _d365013 |
||